Liedtext-Monster Rancher-Frei wie der Wind - Statistiken

Allgemein
  • Dieses Quiz wurde 31 mal gespielt
  • Das Durchschnittsergebnis liegt bei 90 aus 116
Antwortstatistiken
Antwort % Korrekt
dann
88%
das
88%
der
88%
Es
88%
es
88%
frei
88%
sein
88%
und
88%
war
88%
was
88%
werden
88%
wie
88%
Wind
88%
wir
88%
wird
88%
alles
75%
auch
75%
auf
75%
bald
75%
bezwingen
75%
bloß
75%
Böse
75%
den
75%
denn
75%
die
75%
egal
75%
er
75%
geht
75%
geschehen
75%
gewinnen
75%
ist
75%
kein
75%
los
75%
mal
75%
mir
75%
mit
75%
niemals
75%
nur
75%
Sag
75%
spät
75%
um
75%
uns
75%
unserer
75%
verstehen
75%
viel
75%
vorbei
75%
Wann
75%
Weg
75%
weit
75%
Welt
75%
zählt
75%
zu
75%
Augenblick
63%
bereit
63%
führt
63%
gibt
63%
Hoffnung
63%
in
63%
lebt
63%
Oh
63%
sind
63%
stunden
63%
Tage
63%
vergehen
63%
warten
63%
weiter
63%
wohin
63%
zurück
63%
Angst
50%
keine
50%
solang
50%
Keine übereinstimmenden Quizze gefunden
Verteilung der Resultate
Anzahl Personen mit jedem Resultat
Perzentil nach korrekt beantworteten Fragen
Ihre Resultats-Entwicklung
Sie haben dieses Quiz noch nicht gespielt